000 00695nam a2200253Ia 4500
003 OSt
005 20221007110434.0
006 a|||||r|||| 00| 0
007 ta
008 221006b |||||||| |||| 00| 0 eng d
024 _a21,134
037 _cTextual
040 _aLCO
_cLCO
_beng
041 _2eng
_aeng
082 _aY7:1.2, L2
100 _aNagpaul Hans
245 0 _aStudy of Indian Society
260 _aDelhi
_bS. Chand & Co. (Pvt.) Ltd. India
_c1972
300 _a510
500 _aA Sociological Analysis of Social Welfare and Social Work Education
650 _aSOCIETY
_9410261
942 _hY7:1.2, L2
_cTEXL
999 _c1190697
_d1190697